[Event "CUB-ch"]
[Site "Holguin"]
[Date "2002.04.12"]
[Round "11"]
[White "Quesada Perez, Yuniesky"]
[Black "Herrera, Irisberto"]
[Result "1-0"]
[WhiteElo "2411"]
[BlackElo "2474"]
[Annotator "Tyomkin,D"]
[PlyCount "87"]
[EventDate "2002.03.31"]
[EventType "tourn"]
[EventRounds "17"]
[EventCountry "CUB"]
[EventCategory "9"]
[SourceTitle "CBM 089"]
[Source "ChessBase"]
[SourceDate "2002.08.12"]
[SourceVersion "1"]
[SourceVersionDate "2002.08.12"]
[SourceQuality "1"]

1. e4 c5 2. Nf3 d6 3. d4 cxd4 4. Nxd4 Nf6 5. Nc3 a6 6. Bg5 e6 7. f4 Be7 8. Qf3
Qc7 9. O-O-O Nbd7 10. g4 b5 11. Bxf6 Nxf6 12. g5 Nd7 13. f5 Bxg5+ 14. Kb1 Ne5
15. Qh5 Qd8 16. h4 {I have made opening database on 13..Bxg5 line which was
published in CBM 84; Lets check what I wrote there about 16.h4 line: "This
line was developed by Pavlovic and Luther, and it looks very problematic for
black up to games for this moment. 16...Bf6 17.fxe6 0-0 18.Bh3 Kh8 19.Nd5 fxe6
20.Bxe6 ( it can be achieved also with different order of moves- black may
start with 19..fxe6) this is a critical position of the line with 16.h4, and
black has tried 3 moves here- 20...Ra7, 20...Bb7, and 20...Nc4, but none of
them didn't solve all problems; "} Bf6 17. fxe6 O-O 18. Bh3 fxe6 19. Bxe6+ Kh8
20. Nd5 g6 $146 {20...g6 was mentioned in that opening database, while this is
another way for black to continue;} (20... Nc4 {(Tyomkin,D) In my comments to
the game Luther-Georgiev I recomended 20...Nc4 as an option for improvement
this variation for black, because other moves, like 20...Ra7 and 20...Bb7,
lead to white's advantage, but after 20...Nc4 white gets big advantage in the
ending....} 21. Nc6 {'!' Pavlovic,M.} (21. Nf4 {[%cal Rf4g6] (Tyomkin,D)
Tyomkin,D} Qe8 22. Qxe8 Rxe8 23. Bd5 Ra7 24. h5 $2 Bg5 $15 {Gutierrez,
J-Szmetan,J/Bogota 1978/0-1(41)}) (21. Bf7 {Tyomkin,D} Ne5 $1) (21. Nxf6 {
(Tyomkin,D) 0-1 Holzke,F-Sadler,M/Germany 1999/GER-chT (42)}) 21... Qe8 22.
Qxe8 (22. Nxf6 {Tyomkin,D} Qxh5 23. Nxh5 Bxe6 24. b3 Rac8 25. Na7 Rc7 26. bxc4
Rxa7 27. Rxd6 Bxc4 {and black is defeniltely ok with a bishop against a knight
in this ending;}) 22... Rxe8 23. Nxf6 (23. Bf7 $6 {Tyomkin,D} Rf8 24. Nxf6 Rxf7
25. Ne8 Bg4 $17) 23... Rxe6 (23... gxf6 {(Tyomkin,D) Pavlovic,M} 24. Bxc4 bxc4
25. Rxd6 $16) 24. Nd5 Rxe4 25. Nc7 Bb7 26. Nxa8 Bxc6 $6 (26... Bxa8 {Tyomkin,D}
27. b3 Bxc6 28. bxc4 Rxc4 29. Rxd6 $16 {Black has some counterplay against c2 
(by Be4) and h4, but white should be winning somehow;} h5 {[%cal Gc6e4]} 30.
Rhd1 Be4 31. R1d4 $1 $16) 27. b3 $1 {1-0 Luther,T-Vink,N/Wijk aan Zee NED 2001/
The Week in Chess 324/[Tyomkin,D] (38)} (27. Nc7 {Tyomkin,D} Re7 28. Rhf1 (28.
Nd5 {Tyomkin,D} Re5 {[%cal Yc6h1]}) 28... g5 $132 {[%cal Yc4e3]})) (20... Ra7 {
(Tyomkin,D) 1/2-1/2 Luther,T-Georgiev,K/Recklinghausen 1998/CBM 67/[Tyomkin,D]
(30)}) 21. Qe2 Nf3 {After 21...Nf3 white reaches the advantage, while there is
some 21...Bb7 move, which can give black some life in 20..g6 variation;} (21...
Nc4 22. Bxc8 $6 (22. h5 g5 (22... Bxd4 23. hxg6 Ra7 24. Bxc8 Bxb2 25. Qh5 $1 {
[%cal Gc8f5]}) 23. Nxf6 Qxf6 24. Bxc4 bxc4 25. Rhf1 Qg7 26. Rxf8+ Qxf8 27. Qxc4
$18) (22. Nxf6 Qxf6 23. Bxc4 bxc4 24. Rhf1 $18) 22... Bxd4 23. Rxd4 Rxc8 24. h5
Qg5 25. hxg6 $16 {1/2-1/2 Chorfi,K-Brunner,L/Novi Sad 1990/TD (48)}) (21... h5
$2 22. Bxc8 Qxc8 23. Nb6 $18 {1-0 Fercec,N-Freitag,M/Oberwart 2001/EXT 2002 
(51). (50)}) (21... Bb7 $142 $5 22. h5 g5 23. Nf5 {[%csl Rd6][%cal Gd5f6]} (23.
Rhf1 $142 {[%cal Gf1f5,Yd1f1]}) 23... Re8 24. Nxf6 Qxf6 25. Bd5 Bxd5 26. Rxd5
Nc4 $132 {[%cal Gf6e6]}) 22. Qxf3 Bxd4 23. Qg4 $16 {Here, after the trade of
light-squared bishops, white keeps the pressure over the kingside, but also
Nd5 outposted is much better than black bishop;} Be5 24. h5 Bxe6 (24... g5 25.
Bxc8 Rxc8 26. Rhf1 $16) 25. Qxe6 g5 26. Ne7 {[%cal Re7g6]} (26. Rhf1 $16) 26...
Rf6 27. Qd5 ({Too early is:} 27. Ng6+ $2 Kg7 {[%csl Re6,Rg6]}) 27... Qe8 28.
Rdg1 (28. Ng6+ Kg7 $8 (28... hxg6 29. hxg6+ Kg7 30. Qb7+ $18) 29. Nxe5 dxe5 30.
h6+ Kh8 31. Rdf1 Re6 (31... Rxf1+ $140 $2 32. Rxf1 {[%cal Gd5b7] and black is
defendless against white threats over black king;}) 32. Qb7 (32. Rf5 {[%csl
Re5,Rg5]} Rd8 {[%csl Yb1][%cal Re6h6]} 33. Rhf1 Rxh6 $16) 32... Re7 33. Qb6 $16
) 28... Ra7 $2 {28...h6 gives up g6-spot forever, while prevents Ng6 direct
threats;} (28... h6 $142 29. Rf1 $16) (28... Rb8 29. Nc6 Rc8 30. Nxe5 Qxe5 31.
Qxe5 dxe5 32. Rxg5 $16) 29. Ng6+ Rxg6 (29... Kg7 30. Nxe5 $18 {[%cal Rg1g5]}) (
29... hxg6 30. hxg6+ Kg7 31. Rh7+ $18 {[%cal Rh7a7]}) 30. hxg6 $18 {White has
an exchange for the bishop and 1 pawn, but all black pawns are weak and white
pieces have open files to get in;} Qxg6 31. Rf1 Bf4 32. Qc6 {[%cal Re4e5]} Qg7
33. e5 $5 {Good enough to keep it winning;} ({Other plan was:} 33. Rh5 $18 {
[%csl Yh7][%cal Gf1h1,Yh5h6]}) 33... Qd7 (33... dxe5 34. Rd1 {[%cal Rd1d8]} Qe7
35. Qc8+ Kg7 36. Rd8 {[%cal Rd8g8]} Qf7 37. Rh8 Bh2 38. Rxh7+ $1 Kxh7 39. Rxh2+
Kg6 40. Qc6+ $18) (33... Bxe5 34. Qe8+ $18 {[%cal Rf1f8]}) 34. Qb6 $2 {it
gives black some hope;} (34. Qe4 dxe5 35. Rd1 Qe8 (35... Qe7 36. Qg6 $18 {
[%cal Rh1h7]}) 36. Rd6 $18 {[%csl Yh7][%cal Re4d3,Yd6d8] with very strong
threat Qd3;}) 34... Qc7 35. Qxc7 Rxc7 36. exd6 Bxd6 37. Rf6 Bc5 $2 {Last
mistake, under the time-pressure perhaps;} (37... Rd7 $1 38. Rg6 $1 {[%csl Rg5]
} (38. Rd1 Be7 39. Rxd7 Bxf6 $132) 38... Bf4 39. Rxa6 {[%cal Ga2a4] but black
has chances to save the game here;}) 38. Rxa6 Kg8 39. a4 g4 40. Ra8+ Kg7 41.
Rh4 $1 {[%csl Rg4] demolishing last hope of black for the draw;} h5 42. Rxh5
Be3 43. Re8 Kg6 44. Rxb5 1-0

[Event "Montreal 3rd"]
[Site "Montreal"]
[Date "2002.08.04"]
[Round "10"]
[White "Kotronias, Vasilios"]
[Black "Lesiege, Alexandre"]
[Result "1-0"]
[WhiteElo "2578"]
[BlackElo "2561"]
[Annotator "Tyomkin,D"]
[PlyCount "87"]
[EventDate "2002.07.25"]
[EventType "tourn"]
[EventRounds "11"]
[EventCountry "CAN"]
[EventCategory "11"]
[SourceTitle "CBM 091"]
[Source "ChessBase"]
[SourceDate "2002.11.12"]
[SourceVersion "1"]
[SourceVersionDate "2002.11.12"]
[SourceQuality "1"]

{[%mdl 4]} 1. e4 {Ftacnik} c5 2. Nf3 d6 3. d4 cxd4 4. Nxd4 Nf6 5. Nc3 a6 6. Bg5
e6 7. f4 Nbd7 8. Qf3 Qc7 9. O-O-O b5 10. Bd3 Bb7 11. Rhe1 Be7 12. Qg3 b4 13.
Nd5 exd5 14. exd5 $1 {Alternative 14.e5 doesn't cause black any troubles:} (14.
e5 dxe5 15. fxe5 Nh5 16. Qh4 Bxg5+ 17. Qxg5 g6 18. e6 (18. g4 $6 Ng7 19. e6 Nc5
20. exf7+ Kxf7 21. Rf1+ Kg8 22. Qf6 Re8 $19 {0-1 Felgaer,R-Abreu,A/Madrid ESP
2002/The Week in Chess 411 (31). (31)}) 18... Nc5 (18... Qf4+ 19. Qxf4 Nxf4 20.
exd7+ Kxd7 21. Rf1 Nxd3+ 22. Rxd3 f5 23. g4 Raf8 $11 {0-1 Grabarczyk,
B-Kuczynski,R/Warsaw 2001/CBM 84 (63). (63) the ending is probably equal;}) 19.
exf7+ Kxf7 20. Rf1+ Kg8 21. Nf5 Rf8 $5 {that's the way to play for the win;} ({
Black may reach immediate draw by following:} 21... Ne6 22. Nh6+ Kg7 23. Nf5+
Kg8 24. Nh6+ Kg7 25. Nf5+ Kg8 {1/2-1/2 Luther,T-Nielsen,P/Malmo 2002/CBM 90 
(25).}) (21... Nxd3+ 22. Rxd3 Rf8 23. Re3 $36 {[%cal Ge3e7]}) 22. Ne7+ Kg7 23.
Bxg6 Ne6 24. Nf5+ Rxf5 25. Qxf5 Nhf4 26. Bh5 Rf8 27. Qg4+ Kh8 28. g3 Rc8 29.
Rf2 Qc5 30. Rfd2 Nxh5 $15 {1/2-1/2 Berelovich,A-Dvoirys,S/Hoogeveen 2001/CBM
84 ext (80). (80) and black looks bit better;}) 14... Kd8 15. Nc6+ $5 $146 {
[%mdl 8] '!?' Ftacnik.  From other moves 15.Rxe7 leads to very sharp position,
while 15.Qe3 is not dangereous for black;  Ftacnik: 'This move is not a
novelty, even though it was played only in free games on ICC. In this
extremely interesting position white players have already tried nearly all
continuations and it is still not clear, which one of them is the most
promising.'} (15. Rxe7 Kxe7 16. Nf5+ Kd8 17. Bh4 Qa5 $142 $5 (17... Rg8 18. Nh6
$1) (17... Qc5 18. Qxg7 Kc7 19. Bxf6 Rhg8 20. Bd4 Rxg7 21. Bxc5 Nxc5 22. Nxg7
Rg8 23. Nh5 Rxg2 $15 {0-1 Jens,J-Dvoirys,S/Dieren NED 2001/The Week in Chess
350 (56). (56)}) 18. Nxd6 Bxd5 19. Qxg7 Kc7 20. Bxf6 Rhg8 21. Qh6 Qxa2 {
with a big mess on the board;}) (15. Qe3 Re8 16. Nf5 Nxd5 17. Qg3 N5f6 $2 (
17... g6 $142) 18. Nxg7 Rg8 19. Nf5 Re8 20. Qh4 $18 {1-0 Soloviov,S-Rogovoi,M/
St.Petersburg 1996/CBM 56 ext (25). (24)}) 15... Bxc6 16. dxc6 Nc5 (16... Qxc6
{Ftacnik} 17. Bxf6 Nxf6 (17... Bxf6 {Ftacnik} 18. Be4 Qc8 (18... Qa4 {Ftacnik}
19. Bxa8 Qxa2 20. Rxd6 Qxb2+ 21. Kd1 Qb1+ 22. Ke2 Re8+ 23. Kf1 $16) 19. Bxa8
Qxa8 20. Rxd6 $16) 18. Qxg7 Rg8 19. Qxf7 Qc7 20. g3 $40) 17. Bh4 {'!' Ftacnik.
Ftacnik: 'Kotronias confessed, that this move was found by him during the
preparation for the game, the attack of the g7 square is very unpleasant for
black.'} Bf8 $2 {After this move black pieces simply don't get out;} (17... Rg8
$142 18. Qe3 $1 {and white keeps strong pressure;} (18. Bc4 {Ftacnik} Nfe4 19.
Bxe7+ Qxe7 20. Qh3 Qc7 21. Qxh7 Nf6 22. Qh4 Kc8 $15) (18. Bxh7 {Ftacnik} Rh8
19. Bf5 (19. Qxg7 {Ftacnik} Rxh7 20. Qxf6 Rxh4 21. Qxf7 Rh8 $19) 19... Qxc6 20.
Kb1 (20. Rxe7 {Ftacnik} Kxe7 21. Qxg7 Rxh4 22. Re1+ Nce4 $19) 20... Ra7 $19)) (
17... g6 {Ftacnik} 18. f5 Qxc6 19. Bb5 $3 axb5 (19... Qxb5 {Ftacnik} 20. Rxe7
$1 Nfd7 21. Qxd6 Kc8 22. Bg3 Ra7 23. Rd5 Qf1+ 24. Be1 $16) 20. Bxf6 Bxf6 21.
Rxd6+ Qd7 22. Red1 $16) 18. Bc4 $44 Ra7 19. Bd5 a5 (19... Qa5 {Ftacnik} 20. Re2
$40) 20. Re3 $1 {[%cal Gd1e1] Simple but strong- the idea is to double rooks
over e-file then threatening Re8 check;} (20. Bf3 $5 {Ftacnik} a4 (20... Qc8 {
Ftacnik} 21. Bxf6+ gxf6 22. Qh4 Be7 (22... Qf5 $2 {Ftacnik} 23. Re5 Qg6 24.
Rxc5 $18) 23. Qf2 $18) 21. Re3 (21. f5 {Ftacnik} b3 22. Qe5 Qa5 23. Bxf6+ Kc7
$1 (23... gxf6 {Ftacnik} 24. Qxf6+ Kc7 25. a3 $18) 24. axb3 axb3 25. Qd5 gxf6
26. Qxf7+ Kb6 27. Qxf6 Bg7 28. Qxd6 Bxb2+ $19) 21... b3 22. Rde1 Ne6 23. a3 Ra5
$15) 20... Qc8 $1 {Only way to survive! Other moves lead to the big advantage
of white;} (20... Qb6 21. Rde1 Ne6 22. Bxe6 fxe6 23. Rxe6 Rf7 24. Re8+ Kc7 25.
Qb3 $1 $18) 21. Rde1 (21. Bxf6+ {Ftacnik} gxf6 22. Qe1 Re7 $15) 21... Qf5 {
Ftacnik: 'A good manouver of black's queen, now Lesiege can hope to get his
house in some order.'} 22. Bxf6+ gxf6 $1 (22... Qxf6 $143 23. Re8+ Kc7 24. Qg4
Ne6 25. Bxe6 fxe6 26. R1xe6 Qf7 (26... Qd4 27. Re4 $18 {[%cal Gg4c8]}) 27. f5
$1 $18 {[%cal Gg4e4,Ye8e7]}) 23. Re8+ Kc7 24. Qf3 (24. Bf3 {Ftacnik} Bh6 25.
Rxh8 Bxf4+ 26. Kb1 Bxg3 27. Re7+ Kb6 28. Rb8+ Rb7 (28... Ka6 {Ftacnik} 29. Be2+
Nd3 30. c7 $18) 29. Rbxb7+ Nxb7 30. cxb7 Ka7 31. hxg3 Qb5 32. b3 h6 $15) 24...
h5 (24... Bg7 {Ftacnik} 25. g4 $1 Rxe8 26. Rxe8 Qg6 27. Re7+ Kb6 28. Rxa7 Kxa7
29. c7 $18) 25. Kb1 Bg7 26. Rxh8 (26. R8e7+ {Ftacnik} Kb6 27. Rxa7 Kxa7 28.
Bxf7 Kb6 29. g3 Rc8 (29... Qh3 {Ftacnik} 30. Qd5 Rc8 31. Qxd6 Rxc6 32. Qb8+ Nb7
33. Bd5) 30. Bd5 a4 $15) 26... Bxh8 27. Bxf7 Kb6 (27... h4 $5 {Ftacnik} 28. g4
hxg3 29. hxg3 Kb6 $1 (29... Qh7 $2 {Ftacnik} 30. Re7+ Kb6 31. Rxa7 Kxa7 32. c7
$1 Qf5 33. Qc6 Qc8 34. Bc4 Ne6 35. Bxe6 Qxe6 36. c8=N+ Kb8 37. Qxd6+ Qxd6 38.
Nxd6 $18) 30. Bd5 Rc7 $11) 28. Bxh5 {White got 3 pawns for the knight already;}
a4 (28... Rc7 {Ftacnik} 29. g4 Qh7 30. f5 Rxc6 31. Re8 $14) 29. Bg4 (29. g4 {
Ftacnik} Qh7 30. f5 Re7 31. Rd1 Re4 32. Rxd6 Qc7 33. Rd1 Qxh2 $15) 29... Qh7
30. c7 $6 {This wasn't necessary at all;} (30. Qd5 Re7 (30... b3 $1 {Ftacnik}
31. f5 Qh4 32. Re8 Qxg4 33. Rb8+ Kc7 34. Rxh8 $13) (30... Rc7 $6 {Ftacnik} 31.
Bf3 b3 32. axb3 axb3 33. f5 $16) 31. Rd1 $16 {[%csl Rd6][%cal Gg4f5]}) 30...
Rxc7 $6 (30... Kxc7 31. Qd5 f5 $1 {[%csl Gh8] with mutual chances;}) (30...
Qxc7 31. Re8 Bg7 {and i don't see any clear continuation of white's attack,
but of course white's position remains strong;} 32. Rc8 Qb7 33. Qd1 Qe7 $13)
31. Qd5 f5 {'?!' Ftacnik. It seems Alex was in time-trouble here; Black could
probably reach the draw by following: Ftacnik: 'Lesiege was feeling the
opportunity to breath life into bishop h8, but more chances were promised by
the move 31...b3.'} (31... b3 32. Qxd6+ (32. axb3 {Ftacnik} axb3 33. Qxd6+ Rc6
(33... Kb7 {Ftacnik} 34. Bf3+ Ka7 35. Re2 bxc2+ 36. Rxc2 Na6 37. Qd4+ Rc5 $14)
34. Qd8+ Ka6 $13) 32... Rc6 33. Qd8+ Ka6 {white has perpetual check, but
probably not more;} 34. Qa8+ Kb6 35. Rc1 Qxh2 36. Bf3 Rc7 $13) 32. Qxd6+ Rc6 (
32... Kb7 {Ftacnik} 33. Bf3+ Ka7 34. Re8 $18) (32... Ka7 {Ftacnik} 33. Bxf5 Qg7
34. Re5 Na6 35. Bd3 $18) 33. Qd8+ (33. Qb8+ {Ftacnik} Nb7 $1 (33... Qb7 {
Ftacnik} 34. Qxb7+ Nxb7 35. Bxf5 $16) 34. Bf3 Qg7 35. c3 bxc3 (35... Rh6 {
Ftacnik} 36. Re8 bxc3 37. bxc3 $18) 36. Bxc6 c2+ $1 37. Kxc2 Qxb2+ 38. Kd1 Qd4+
39. Ke2 Qc4+ $11) 33... Qc7 (33... Rc7 {Ftacnik} 34. Qb8+ Ka5 35. Bxf5 Qf7 36.
g4 $16) 34. Qxh8 (34. Qxc7+ {Ftacnik} Kxc7 35. Bxf5 Rd6 $14) 34... fxg4 35. Qd4
Kb5 (35... b3 $5 {Ftacnik} 36. axb3 axb3 37. Re5 (37. cxb3 {Ftacnik} Qh7+ 38.
Ka2 Ka7 $17) 37... Qd6 38. Rd5 Qe7 (38... bxc2+ {Ftacnik} 39. Kxc2 Qxf4 40.
Qxf4 Ne6+ 41. Kb3 Nxf4 42. Rd4 $11) 39. cxb3 Qe1+ $11) 36. b3 {[%csl Rb4] now
b4 turns to another target for white's attack;} axb3 $2 {Ftacnik: 'Instinctive
move in time trouble, the defender is getting rid of a chance to endanger
white king. From now on Kotronias will completely dominate the game and
collect all black pawns.'} (36... Qd6 37. bxa4+ (37. Qc4+ {Ftacnik} Ka5 $17)
37... Nxa4 38. Re5+ Ka6) 37. axb3 Qd6 38. Qc4+ Ka5 39. Re5 Qd1+ 40. Ka2 (40.
Kb2 {Ftacnik} Qd6 41. Rd5 Qf6+ 42. Ka2 Qc3 $1 43. Qxc3 bxc3 $13) 40... Qd6 41.
Rd5 Qc7 42. f5 $18 {[%csl Rc5][%cal Gf5f6,Gf6f7] Rule of the two weaknesses -
one is Nc5 pinned all over and the second one is the f-passer of white;} Kb6
43. Qxb4+ Ka7 44. Qd4 {4 pawns for a piece and weak king were good reasons to
resign;} 1-0

[Event "Hastings 9798"]
[Site "Hastings"]
[Date "1998.01.06"]
[Round "8"]
[White "Nunn, John DM"]
[Black "Sadler, Matthew D"]
[Result "1/2-1/2"]
[WhiteElo "2620"]
[BlackElo "2665"]
[Annotator "Tyomkin,D"]
[PlyCount "143"]
[EventDate "1997.12.29"]
[EventType "tourn"]
[EventRounds "9"]
[EventCountry "ENG"]
[EventCategory "13"]
[SourceTitle "CBM 063"]
[Source "ChessBase"]
[SourceDate "1998.03.26"]
[SourceVersion "1"]
[SourceVersionDate "1998.03.26"]
[SourceQuality "1"]

1. e4 c5 2. Nf3 d6 3. d4 cxd4 4. Nxd4 Nf6 5. Nc3 a6 6. Bg5 e6 7. f4 Be7 8. Qf3
Qc7 9. O-O-O Nbd7 10. Bd3 h6 11. Qh3 Nb6 12. f5 e5 13. Nde2 Bd7 14. Kb1 (14.
Be3 Bc6 15. Rhe1 (15. g4 $6 {Chandler,M} O-O-O $1 $15 (15... d5 $2 16. g5 $1
Nxe4 17. Bxe4 dxe4 18. gxh6 gxh6 19. Bxb6 Qxb6 20. Nd5 Bxd5 21. Rxd5 $16) 16.
Qf3 d5 17. Bxb6 Qxb6 18. exd5 {Chandler-Browne,Bath 36/353,1983} Rxd5 $1 19.
Be4 (19. Nxd5 Bxd5 $17) 19... Rxd1+ 20. Rxd1 Nxe4 $15) 15... Nbd7 $6 16. g4
O-O-O 17. Qf3 b5 18. h4 Nc5 19. g5 hxg5 20. hxg5 Nfd7 (20... Nfxe4 $5 21. Nxe4
Nxd3+ 22. Rxd3 d5 23. f6 $13 {Bukic}) 21. Kb1 Kb7 22. Ng3 Rc8 23. Rc1 Qa5 $13 {
Subasic-Bukic, Jugoslavija(ch) 1980}) (14. Rhe1 Bc6 15. Ng3 Rc8 16. Kb1 Nbd7
17. Bxf6 Bxf6 18. Nh5 b5 19. g4 Kf8 $1 $11 {Gufeld-Savon, USSR 1975}) 14... Bc6
15. Be3 d5 (15... Nbd7 16. g4 O-O-O (16... d5 17. g5 $1 dxe4 18. Bc4 $16 {
Browne}) 17. Qf3 g5 $14 {Minic} (17... Nc5 $6 18. Bxc5 $1 dxc5 19. Bc4 $16 {
Browne-Grefe, Lone Pine 1976})) (15... O-O-O $2 16. Bxb6 Qxb6 17. Bc4 $16) 16.
Bxb6 Qxb6 17. exd5 Ba3 18. b3 Bxd5 19. Nxd5 Nxd5 20. Be4 $146 (20. Bc4 {Browne}
Nf6 (20... Ne3 $6 21. f6 $1 Nxd1 22. fxg7 Rg8 23. Rxd1 Rxg7 24. Qd7+ Kf8 25.
Ng3 $146) 21. Nc3 O-O 22. Nd5 Nxd5 23. Bxd5 Rac8 $6 (23... e4 $5 24. Bxe4 Qf6
25. c3 Rac8 $44) 24. f6 $5 Qxf6 25. Rhf1 Qb6 26. Rxf7 $1 $11 {Nunn-Browne,
Tilburg 1982}) 20... Nf6 (20... Ne3 $2 21. Rd3 $16) 21. Qf3 O-O $1 (21... Rb8
$6 22. g4) 22. Bxb7 $6 {Just helps black to develope initiative on the
queenside.} (22. Nc3 $5 {[%cal Gc3d5]}) (22. g4 $5 {[%cal Gh2h4,Gg4g5]}) 22...
Ra7 (22... e4 $2 {This typical sacrifice is useless in this position.} 23. Bxe4
Nxe4 24. Qxe4 Rfe8 25. Qf3 Qf6 26. c3) 23. Be4 a5 $44 {|^<<} 24. Nc3 a4 25. Nd5
Nxd5 26. Bxd5 axb3 27. Bxb3 Be7 (27... Bc5 28. f6 $1) 28. Rhe1 Rfa8 {[%cal
Ra7a2]} 29. Qe3 (29. Qd5 $11 Rxa2 (29... Bf6 30. Qd6 $11) (29... Bb4 30. Rxe5
Bc3 31. Re7 $1 $18) 30. Qxf7+ Kh8 (30... Kh7 31. Qg6+) 31. Qxe7 Ra1+ 32. Kb2
R1a2+ 33. Kc1 (33. Kc3 Rc8+ 34. Kd3 Qd4+ 35. Ke2 Rcxc2+ $19) 33... Ra1+ 34. Kd2
Qd4+ 35. Ke2 Qg4+ $11) 29... Bc5 (29... Qb7 30. Qe4 Qb6 31. Qxe5 (31. Qe3 $11)
31... Bf6 (31... Rxa2 $2 32. Qxe7 Ra1+ 33. Kb2 R1a2+ 34. Kc3 $18) 32. Rd6 $1 (
32. Qd5 Kh7 $1 $17 (32... Rxa2 $4 33. Qxf7+)) 32... Qb4 (32... Qxb3+ $2 33.
axb3 (33. cxb3 Bxe5 34. Rxe5 Rxa2 35. Re8+ $1 Rxe8 36. Kxa2 Re2+ 37. Ka3 $16 {
[%cal Gb3b4]}) 33... Ra1+ 34. Kb2 R8a2+ 35. Kc3 Rxe1 $1 $19) 33. Rxf6 gxf6 $14)
30. Qxe5 Rxa2 31. Re4 {[%csl Yd4]} (31. f6 $6 Ra1+ $1 32. Qxa1 Rxa1+ 33. Kxa1
Bd4+ (33... Qxf6+ 34. Ka2 Bd4 {[%cal Gf6a6]} 35. Kb1 Ba1 36. Kc1 (36. c3 Qxc3
37. Re8+ Kh7 38. Bc2+ g6 39. Rb8 Qc7 $15) 36... Bb2+ 37. Kb1 Ba3 38. Re8+ Kh7
39. c3 Qxc3 40. Bc2+ g6 41. Rb8 $15) 34. Kb1 Qa7 $17 35. c3 (35. Bxf7+ Kh7 36.
Ba2 Qb6+ (36... Bxf6 37. Rd3) 37. Bb3 Qa5 $1 38. c3 Qxc3 39. Bc2+ Kg8 $19)
35... Bxc3 36. Re8+ Kh7 37. fxg7 Qa1+ 38. Kc2 Qb2+ 39. Kd3 Bxg7 $19) 31... R2a3
{[%cal Ra3b3]} (31... Be7 {[%cal Re7f6]} 32. Qxe7 Ra1+ 33. Kb2 Rxd1 $8 34.
Qxf7+ Kh7 35. Ra4 $1 (35. g4 {[%tqu "En","","","","d1b1","",10]} Rb1+ $3 36.
Kc3 Qa5+ $19) (35. Qe6 $2 Rd6) (35. Rg4 {-35.g4}) 35... Rc8 36. Rg4 Qf6+ 37.
Qxf6 gxf6 $14) 32. Kb2 Ra2+ 33. Kb1 (33. Kc3 $6 Qa5+ $40) 33... R2a3 34. Kb2
R3a5 (34... Ra2+ $11) 35. Rd5 Ra2+ 36. Kc3 (36. Kb1 {[%tqu "En","","","",
"c5e7","",10]} Be7 $3 37. Qxe7 Qg1+ 38. Re1 Ra1+ 39. Kb2 Rxe1 $17) 36... Rc8
37. Rc4 Bb4+ 38. Kd3 Rxc4 39. Kxc4 Ra8 40. Rb5 Qd6 41. Qxd6 Bxd6 42. h3 $6 (42.
Rb7 $5 {[%csl Rf7]} Rc8+ (42... Bxh2 43. Kd3 (43. Kb5 Rb8) (43. Kd4 Ra7 $1 $11)
43... Rb8 44. Bxf7+ (44. Rxf7 Rxb3+ $1) 44... Kf8 45. Rd7 $16) 43. Kb5 Rb8 $1 (
43... Rc7 44. Rxc7 Bxc7 45. h3 {[%cal Rb5c6,Rc6d7]}) 44. Rxb8+ (44. Bxf7+ Kf8
$11) (44. Kc6 Rxb7 45. Kxb7 Kf8 $11) 44... Bxb8 45. Kc6 (45. h3 Kf8 46. Kc6 Ke7
$11) 45... Bxh2 46. Kd7 {[%cal Rd7e8]} Kf8 $8 {[%cal Gg7g6,Gh2g1]} 47. c4 Bg1
$11) 42... Rc8+ 43. Kd5 Bg3 44. c4 Kf8 45. c5 Ke7 46. Ke4 h5 {[%cal Gh5h4]
Intending to block pawns on the kingside.} 47. Bd5 Rc7 $11 {Black achived
drawing arrangement.} 48. c6 h4 49. Kd4 Ra7 50. Bf3 Bc7 51. Rd5 Ra4+ 52. Kd3
Bd6 53. Rb5 Bc7 54. Be4 Ra3+ 55. Kc4 Ra4+ 56. Kd3 Ra3+ 57. Kc2 Ra4 58. Bf3 Ra5
59. Rb7 Kd6 60. Rb4 Rxf5 61. Rd4+ Kc5 62. Rxh4 (62. Rd7 Kb6 $11) 62... g5 63.
Ra4 Rf4 64. Ra7 Kd6 65. Ra1 f5 66. Rd1+ Kc5 67. Rd5+ Kb6 68. Kd3 g4 69. hxg4
fxg4 70. Be4 Kxc6 71. g3 Rxe4 72. Kxe4 {With this draw Sadler provided for him
clear first place in this tournament.} 1/2-1/2